[Event "Di novo"]
[Site "http://www.queenalice.com/game.php?id=215028"]
[Date "2007.5.22"]
[Round "-"]
[White "vycthor"]
[Black "AllanMRC"]
[Result "1-0"]
[WhiteElo "1500"]
[BlackElo "1100"]

1. e4 e5 2. Qf3 Qh4 3. Bc4 d6 4. Qxf7+ Kd8 5. Qxf8+ Kd7 6. Qxg7+ Ne7 7. Qxh8
Qxe4+ 8. Be2 Qxc2 9. Bg4+ Kc6 10. Bf3+ d5 11. Ne2 Bf5 12. Qxe5 Nd7 13. Qxe7 Nb6
14. Nd4# 1-0

[Event "Challenge"]
[Site "http://www.queenalice.com/game.php?id=215533"]
[Date "2007.5.24"]
[Round "-"]
[White "ambro"]
[Black "AllanMRC"]
[Result "1-0"]
[WhiteElo "1151"]
[BlackElo "995"]

1. e4 g5 2. Nf3 f6 3. Bc4 e6 4. b3 a5 5. Ne5 fxe5 6. Bb2 Bg7 7. Qf3 Nf6 8. Bxe5
Rf8 9. Nc3 Nc6 10. h4 Nxe5 11. Qe3 Ra6 12. hxg5 Nfg4 13. Qg3 Qxg5 14. Nb5 c6 15.
Nc7+ Ke7 16. f3 Nxc4 17. fxg4 Bxa1 18. bxc4 Rb6 19. Ke2 Rb1 20. Rxb1 Rf4 21.
Rxa1 b6 22. Rh1 Rxe4+ 23. Kf3 Re1 24. Rxe1 e5 25. c5 d5 26. Rxe5+ Kd8 27. Re8+
Kd7 28. cxb6 Qf6+ 29. Qf4 Qxf4+ 30. Kxf4 Kd6 31. Rxc8 h6 32. b7 d4 33. b8=Q Kc5
34. Qa7+ Kb4 35. c3+ dxc3 36. dxc3+ Kxc3 37. Qxa5+ Kd3 38. Qa6+ Kd4 39. Qa4+ Kc5
40. Na6+ Kd5 41. Qxc6+ Kd4 42. Qd6# 1-0

[Event "Aprende mané"]
[Site "http://www.queenalice.com/game.php?id=215975"]
[Date "2007.5.24"]
[Round "-"]
[White "vycthor"]
[Black "AllanMRC"]
[Result "1-0"]
[WhiteElo "1669"]
[BlackElo "995"]

1. e4 h5 2. e5 e6 3. Qf3 Qh4 4. d3 Qb4+ 5. c3 Qa5 6. d4 Rh6 7. Nh3 d6 8. Ng5
dxe5 9. Qxf7+ Kd8 10. Qxf8+ Kd7 11. Qxg8 Rf6 12. Qxg7+ Kd6 13. Qxf6 exd4 14.
Qxd4+ Ke7 15. Qg7+ Kd6 16. Bf4+ Kc6 17. a4 Nd7 18. Nxe6 Nc5 19. Nxc7 Bg4 20.
Nxa8 Nd3+ 21. Bxd3 Qd8 22. Be4+ Kc5 23. Be3+ Kc4 24. Nd2+ Qxd2+ 25. Bxd2 Be2 26.
Qd4+ Kb3 27. Qb4# 1-0

[Event "Challenge"]
[Site "http://www.queenalice.com/game.php?id=216472"]
[Date "2007.5.26"]
[Round "-"]
[White "ambro"]
[Black "AllanMRC"]
[Result "1-0"]
[WhiteElo "1216"]
[BlackElo "975"]

1. c3 b6 2. e4 g5 3. Bc4 Nc6 4. Qf3 Ne5 5. Qf5 f6 6. Bd5 d6 7. Be6 Bxe6 8. Qxe6
Nh6 9. d4 Nd3+ 10. Kd1 Ng4 11. Be3 Ndxf2+ 12. Bxf2 Nxf2+ 13. Ke1 Nd3+ 14. Ke2
Nxb2 15. e5 dxe5 16. dxe5 fxe5 17. a4 h5 18. Qxe5 Rh6 19. Ra3 Nc4 20. Qxg5 Re6+
21. Kf2 Re4 22. Qxh5+ Kd7 23. Qd5+ Kc8 24. Qxa8+ Kd7 25. Qxe4 Nd6 26. Qg4+ e6
27. a5 Qf6+ 28. Ke1 bxa5 29. Qa4+ c6 30. Qxa5 Nc4 31. Qxa7+ Kd6 32. Ra5 c5 33.
Rxc5 Qe7 34. Qa6+ Kxc5 35. Na3 Nxa3 36. Qxa3+ Kc4 37. Qa6+ Kxc3 38. Ne2+ Kc2 39.
Qc4+ Kb2 40. Qc3+ Kb1 41. Kf2+ Ka2 42. Ra1# 1-0

[Event "Challenge"]
[Site "http://www.queenalice.com/game.php?id=217730"]
[Date "2007.5.29"]
[Round "-"]
[White "AllanMRC"]
[Black "Hugo62"]
[Result "0-1"]
[WhiteElo "966"]
[BlackElo "1213"]

1. e4 e5 2. d3 Nc6 3. Nf3 Nf6 4. c4 Bb4+ 5. Bd2 b6 6. a3 Be7 7. h4 h5 8. Nxe5
Nxe5 9. d4 Neg4 10. f3 Nh6 11. g3 d6 12. e5 dxe5 13. dxe5 Nfg8 14. c5 bxc5 15.
Bb5+ Kf8 16. Nc3 Qd4 17. Rf1 Bh3 18. Rh1 Bf5 19. Rc1 Rb8 20. Rf1 Qxe5+ 21. Be3
Qxe3+ 22. Qe2 Qxc1+ 23. Kf2 Qc2 24. Qxc2 Bxc2 25. Bd7 Nf6 26. Re1 Rxb2 27. Rxe7
Kxe7 28. Bc8 Rxc8 29. f4 Rd8 30. Nb5 Nhg4+ 31. Kg2 Rd2+ 32. Kf3 Rb3+ 33. Nc3
Rxc3# 0-1

[Event "Challenge"]
[Site "http://www.queenalice.com/game.php?id=218215"]
[Date "2007.5.30"]
[Round "-"]
[White "AllanMRC"]
[Black "ederdionatan"]
[Result "0-1"]
[WhiteElo "948"]
[BlackElo "1296"]

1. e4 Nf6 2. d4 Nxe4 3. f3 Nd6 4. Nc3 Nf5 5. d5 e6 6. dxe6 fxe6 7. a4 Bb4 8. Bd2
b6 9. Nb5 Bxd2+ 10. Qxd2 O-O 11. h4 Nxh4 12. Rxh4 Qxh4+ 13. g3 Qxg3+ 14. Kd1
Qxg1 15. Qe2 Ba6 0-1

[Event "Let's Play Chess!"]
[Site "http://www.queenalice.com/game.php?id=218821"]
[Date "2007.5.31"]
[Round "-"]
[White "AllanMRC"]
[Black "Homedepotov"]
[Result "1-0"]
[WhiteElo "995"]
[BlackElo "1888"]

1. Nc3 Na6 2. Nf3 Nh6 3. e4 b6 4. d4 g6 5. h4 Bg7 6. a4 Bb7 7. Rh3 O-O 8. Ra3 f5
9. exf5 Nxf5 10. h5 Bxf3 11. gxf3 Nb4 12. hxg6 hxg6 13. Bc4+ d5 14. Nxd5 Nxd5
15. f4 1-0

[Event "zé mané"]
[Site "http://www.queenalice.com/game.php?id=218827"]
[Date "2007.5.31"]
[Round "-"]
[White "AllanMRC"]
[Black "vycthor"]
[Result "0-1"]
[WhiteElo "976"]
[BlackElo "1589"]

1. Nf3 a5 2. Nc3 a4 3. b3 a3 4. Bxa3 Rxa3 5. h4 g6 6. Rh3 Bg7 7. Nd5 c6 8. Nb6
Qxb6 9. Ng5 Ra5 10. Re3 Rf5 11. a4 d5 12. g4 Rf4 13. Rxe7+ Nxe7 14. a5 Qxf2# 0-1

[Event "Challenge"]
[Site "http://www.queenalice.com/game.php?id=223342"]
[Date "2007.6.11"]
[Round "-"]
[White "AllanMRC"]
[Black "Barbudo"]
[Result "0-1"]
[WhiteElo "957"]
[BlackElo "1617"]

1. e4 e5 2. h4 Nf6 3. a4 c6 4. Rh3 d5 5. exd5 Bxh3 6. gxh3 Nxd5 7. c4 Nb4 8. Nf3
e4 9. Ne5 Qxh4 10. Ra3 f6 11. Ng4 Nd3+ 12. Rxd3 exd3 13. Bxd3 Be7 14. Qe2 O-O
15. Nh6+ Qxh6 16. Bc2 Qxh3 17. Bxh7+ Qxh7 18. Qxe7 Na6 19. Qxf8+ Rxf8 20. d4
Re8+ 21. Be3 Qxb1+ 22. Kd2 Qxb2+ 23. Kd3 Qb3+ 24. Kd2 Qxc4 25. f4 Qxa4 26. Bf2
Qa2+ 27. Kc3 Qxf2 28. Kc4 Qxf4 29. Kb3 Qxd4 30. Kc2 Re2+ 31. Kc1 Qd2+ 32. Kb1
Qe1# 0-1

[Event "Agora ve se aprende ...hein ...."]
[Site "http://www.queenalice.com/game.php?id=223343"]
[Date "2007.6.11"]
[Round "-"]
[White "AllanMRC"]
[Black "vycthor"]
[Result "0-1"]
[WhiteElo "957"]
[BlackElo "1560"]

1. d4 d5 2. Nf3 g6 3. h4 Nf6 4. a4 Ne4 5. Ra3 e6 6. c3 Qf6 7. Rb3 Bd6 8. e3 e5
9. Nxe5 Bxe5 10. dxe5 Qxe5 11. f4 Qe6 12. Bb5+ c6 13. Be2 f5 14. Rh3 O-O 15. h5
Nd7 16. hxg6 Qxg6 17. Bh5 Qxg2 18. Bf3 Qf2# 0-1

[Event "Agora vai"]
[Site "http://www.queenalice.com/game.php?id=227902"]
[Date "2007.6.20"]
[Round "-"]
[White "vycthor"]
[Black "AllanMRC"]
[Result "1-0"]
[WhiteElo "1576"]
[BlackElo "952"]

1. e4 d6 2. Bc4 h5 3. Qf3 Bg4 4. Qxf7+ Kd7 5. Be6+ Kc6 6. d4 Nf6 7. d5+ Kb6 8.
Nc3 Bxe6 9. Qxe6 Rh6 10. Be3+ c5 11. Bxh6 gxh6 12. e5 Nbd7 13. exf6 exf6 14.
O-O-O f5 15. Qxf5 Qe7 16. Qf4 Bg7 17. Nge2 a5 18. Qa4 Ne5 19. Qb5+ Kc7 20. Nf4
h4 21. Ne6+ Kb8 22. Rhe1 Ra6 23. Nxg7 Nc4 24. Rxe7 a4 25. Qxb7# 1-0

[Event "Challenge"]
[Site "http://www.queenalice.com/game.php?id=231493"]
[Date "2007.6.27"]
[Round "-"]
[White "AllanMRC"]
[Black "Hugo62"]
[Result "0-1"]
[WhiteElo "952"]
[BlackElo "1260"]

1. e4 e5 2. d3 Nc6 3. Ne2 Nf6 4. Nbc3 Ng4 5. Nd5 d6 6. h3 Nh6 7. Ng3 a5 8. h4
Ng4 9. Bg5 Qd7 10. Nf5 b6 11. f3 Ne3 12. Qe2 Nxf5 13. exf5 Nd4 14. Qe3 Qa4 15.
b3 Qb5 16. Nxc7+ Kd7 17. c4 Qb4+ 0-1

[Event "Challenge"]
[Site "http://www.queenalice.com/game.php?id=239004"]
[Date "2007.7.12"]
[Round "-"]
[White "AllanMRC"]
[Black "vmarcel"]
[Result "0-1"]
[WhiteElo "946"]
[BlackElo "1668"]

1. g3 e6 2. b3 Bc5 3. Bh3 Qf6 4. e3 Qxa1 5. c3 Qxb1 6. d4 Bf8 7. c4 a5 8. f4 f5
9. Qh5+ g6 10. Qf3 Qxc1+ 11. Kf2 Bb4 12. Bxf5 exf5 13. Ne2 Be1+ 0-1